Statistics for Most-Played Songs on Spotify

Click here to take the quiz!

General Stats

  • This quiz has been taken 118,809 times
    (28,806 since last reset)
  • The average score is 24 of 39

Answer Stats

SongsMusical Act% Correct
Shape of You / Thinking out Loud / Perfect / PhotographEd Sheeran
97%
Blinding Lights / Starboy / The WeekndThe Weeknd
93%
Bohemian RhapsodyQueen
88%
As It Was / Watermelon SugarHarry Styles
86%
One Dance / God's PlanDrake
83%
Bad GuyBillie Eilish
82%
Lovely
Billie Eilish and
Khalid
82%
Stay
The Kid Laroi and
Justin Bieber
80%
Believer / DemonsImagine Dragons
78%
Love YourselfJustin Bieber
77%
Rockstar / CirclesPost Malone
77%
SunflowerPost Malone and
Swae Lee
77%
7 RingsAriana Grande
72%
SeñoritaShawn Mendes and
Camila Cabello
71%
Something Just Like ThisThe Chainsmokers
and Coldplay
68%
One Kiss
Calvin Harris and
Dua Lipa
66%
Can't Hold Us
Macklemore &
Ryan Lewis
65%
Don't Start NowDua Lipa
64%
Take Me To ChurchHozier
64%
All of MeJohn Legend
63%
ShallowLady Gaga and
Bradley Cooper
62%
Good 4 UOlivia Rodrigo
62%
Counting StarsOne Republic
58%
Stressed OutTwenty One Pilots
58%
CloserThe Chainsmokers
57%
Wake Me UpAvicii
56%
Someone You LovedLewis Capaldi
54%
Sad! / Jocelyn FloresXXXTentacion
54%
HumbleKendrick Lamar
51%
Lucid DreamsJuice Wrld
50%
Dance MonkeyTones And I
45%
GoosebumpsTravis Scott
45%
Heat WavesGlass Animals
41%
Let Her GoPassenger
41%
Sweater WeatherThe Neighborhood
40%
RiptideVance Joy
40%
XO Tour Llif3Lil Uzi Vert
34%
Another LoveTom Odell
31%
Say You Won't Let GoJames Arthur
30%

Score Distribution

Percentile by Number Answered

Percent of People with Each Score

Your Score History

You have not taken this quiz since the last reset